Programme to inspect the latex tapping techniques in boeung ket rubber plantation company កម្មវិធីត្រួតពិនិត្យបច្ចេកទេសចៀរជ័រនៅក្រុមហ៊ុនចំការកៅស៊ូបឹងកេត (Record no. 346)

000 -LEADER
fixed length control field 00657nam a22001577a 4500
003 - CONTROL NUMBER IDENTIFIER
control field OSt
005 - DATE AND TIME OF LATEST TRANSACTION
control field 20150913095643.0
008 - FIXED-LENGTH DATA ELEMENTS--GENERAL INFORMATION
fixed length control field 150913b xxu||||| |||| 00| 0 eng d
040 ## - CATALOGING SOURCE
Transcribing agency RUA
082 ## - DEWEY DECIMAL CLASSIFICATION NUMBER
Classification number AGR ឃុន​ 1996 B016 Or.1
100 ## - MAIN ENTRY--PERSONAL NAME
9 (RLIN) 366
Personal name ឃុនកក្កដា
245 ## - TITLE STATEMENT
Title Programme to inspect the latex tapping techniques in boeung ket rubber plantation company កម្មវិធីត្រួតពិនិត្យបច្ចេកទេសចៀរជ័រនៅក្រុមហ៊ុនចំការកៅស៊ូបឹងកេត
260 ## - PUBLICATION, DISTRIBUTION, ETC. (IMPRINT)
Place of publication, distribution, etc. Phnom Penh
Name of publisher, distributor, etc. RUA
Date of publication, distribution, etc. 1996
300 ## - PHYSICAL DESCRIPTION
Extent 126p.
Other physical details ill.
Dimensions 29cm.
942 ## - ADDED ENTRY ELEMENTS (KOHA)
Source of classification or shelving scheme
Koha item type AGR
Holdings
Price effective from Date last seen Permanent Location Not for loan Date acquired Source of classification or shelving scheme Koha item type Barcode Lost status Damaged status Withdrawn status Current Location Full call number
2015-09-132015-09-13Library Block B 2015-09-13 AGRRUA003682   Library Block BAGR ឃុន​ 1996 B016 Or.1
2015-09-132015-09-13Library Block B 2015-09-13 AGRRUA003892   Library Block BAGR ឃុន​ 1996 B016 Or.2
2015-09-132015-09-13Library Block B 2015-09-13 AGRRUA008259   Library Block BAGR ឃុន​ 1996 B016 Or.3
2015-09-132015-09-13Library Block B 2015-09-13 AGRRUA008071   Library Block BAGR ឃុន​ 1996 B016 Or.4
មជ្ឈមណ្ឌលឯការនៃសាកលវិទ្យាល័យភូមិន្ទកសិកម្មចំការដូង

Powered by Koha